000
00284nam a22001097a 4500
008
170106b xxu||||| |||| 00| 0 eng d
020
_a
9780834209268
041
_a
eng
080
_2
4TH
_a
618.2
245
_a
NURSING ADMINISTRATION HANDBOOK
_c
ROWLAND, H.S & ROWLAND, B.L
942
_2
udc
_c
BK
999
_c
2593
_d
2593